[Event "Svetla nad Sazavou Mares Memorial"]
[Site "Svetla nad Sazavou"]
[Date "2023.12.29"]
[Round "2"]
[White "Kucera, David"]
[Black "Kindler, Mikhail"]
[Result "1-0"]
[WhiteElo "1698"]
[BlackElo "1938"]
[PlyCount "91"]
[EventDate "2023.12.29"]
[EventType "swiss"]
[EventRounds "9"]
[EventCountry "CZE"]
[SourceTitle "CB02_2024"]
[SourceDate "2024.01.10"]
[SourceVersion "1"]
[SourceVersionDate "2024.01.10"]
[SourceQuality "1"]

1. d4 Nf6 2. c4 e5 3. dxe5 Ng4 4. e4 h5 5. h3 Nxe5 6. a3 a5 7. Nc3 Bc5 8. Nf3 Nbc6 9. Bf4 Nxf3+ 10. Qxf3 d6 11. Qg3 Bd4 12. 0-0-0 h4 13. Qf3 Be6 14. Nb5 Be5 15. c5 g5 16. Be3 Qe7 17. cxd6 Bxd6 18. Nxd6+ cxd6 19. Kb1 0-0-0 20. Bb6 Rdf8 21. Bb5 Bd7 22. Rhe1 f5 23. exf5 Bxf5+ 24. Ka1 Qd7 25. Qc3 Kb8 26. Bxa5 Rc8 27. Bb6 d5 28. Bxc6 bxc6 29. Bd4 Rhe8 30. Be5+ Ka8 31. Rd4 c5 32. Qa5+ Qa7 33. Qxa7+ Kxa7 34. Rxd5 Kb6 35. Bc3 Rxe1+ 36. Bxe1 Rf8 37. Bd2 Kc6 38. Re5 g4 39. hxg4 Bxg4 40. Be3 Rf5 41. Re4 Be2 42. Rxh4 Rd5 43. Kb1 Bd3+ 44. Kc1 Bf5 45. g4 Bd3 46. Rh6+ 1-0

[Event "CZE-chT1W 2223"]
[Site "Czech Republic"]
[Date "2023.02.26"]
[Round "9.6"]
[White "Postupa, Pavel1111"]
[Black "Kucera, David"]
[Result "1-0"]
[WhiteElo "2227"]
[BlackElo "1829"]
[PlyCount "67"]
[EventDate "2022.10.09"]
[EventType "team-tourn"]
[EventRounds "11"]
[EventCountry "CZE"]
[SourceTitle "CBM 213 Extra"]
[Source "ChessBase"]
[SourceDate "2023.05.31"]
[SourceVersion "1"]
[SourceVersionDate "2023.05.31"]
[SourceQuality "1"]
[WhiteTeam "Pankrac"]
[BlackTeam "Gordic"]
[WhiteTeamCountry "CZE"]
[BlackTeamCountry "CZE"]

1. e4 e6 2. d4 d5 3. Nd2 c5 4. exd5 Qxd5 5. dxc5 Bxc5 6. Ngf3 Nf6 7. Bc4 Qd8 8. 0-0 0-0 9. Qe2 Nc6 10. Nb3 Be7 11. Be3 Qc7 12. c3 Rd8 13. Rad1 Rxd1 14. Rxd1 Na5 15. Bd3 Nxb3 16. axb3 Nd5 17. Bg5 f6 18. Qe4 g6 19. Bc1 Nb6 20. Nd4 e5 21. Nb5 Qc6 22. Be3 Be6 23. c4 Kf7 24. Qh4 Kg8 25. Be4 Qc8 26. h3 Bf7 27. Kh2 Qb8 28. Bxb6 axb6 29. Rd7 Qe8 30. Rxb7 Ra2 31. Nc3 Rxb2 32. Bd5 Qc8 33. Bxf7+ Kxf7 34. Qxh7+ 1-0